000 00690nam a2200289Ia 4500
005 20260324140818.0
008 008 260324s9999 xx 000 0 eng d
020 _a9780203050187
037 _aEBOOK
040 _aCRL
040 _beng
040 _cCRL
041 _2eng
041 _aeng
084 _qCRL
100 _aDr Chris Richards; Chris Richards
_91205836
245 0 _aTeen Spirits
245 0 _bMusic And Identity In Media Education
260 _bTaylor and Francis
260 _c1998
365 _a
365 _b62.99
856 _uhttp://www.taylorfrancis.com/books/9780203050187
942 _cEBOOK
999 _c1808262
_d1808262